Spatial and temparal variations in the leveks of literacy among scheduled castes: 1991-2001 (Record no. 124483)

MARC details
000 -LEADER
fixed length control field 00409nam a2200145Ia 4500
008 - FIXED-LENGTH DATA ELEMENTS--GENERAL INFORMATION
fixed length control field 230917s9999||||xx |||||||||||||| ||und||
040 ## - CATALOGING SOURCE
-- 112316
Original cataloging agency VIVEKANANDA LIBRARY
041 ## - Language
-- English
082 ## - DDC NUMBER
Classification number 910.13014494 S11S
100 ## - MAIN ENTRY--PERSONAL NAME
Personal name Shabnam
245 #0 - TITLE STATEMENT
Title Spatial and temparal variations in the leveks of literacy among scheduled castes: 1991-2001
260 ## - PUBLICATION, DISTRIBUTION, ETC. (IMPRINT)
Place of publication, distribution, etc Rohtak
Name of publisher, distributor, etc M.D.U
Date of publication, distribution, etc 2005
300 ## - PHYSICAL DESCRIPTION
Pages 132 p p.
942 ## - ADDED ENTRY ELEMENTS (KOHA)
Koha item type Books
Holdings
Withdrawn status Lost status Damaged status Not for loan Location (home branch) Sublocation or collection (holding branch) Date acquired Koha issues (times borrowed) Koha full call number Accession No. Koha date last seen Koha item type
        VIVEKANANDA LIBRARY VIVEKANANDA LIBRARY 04/12/2006   910.13014494 S11S 220337 17/09/2023 Books
© Designed and Maintained by Vivekananda Library, MDU Rohtak